Diseño de una planta de tratamiento de desechos para aguas residuales en un hotel

Guardat en:
Dades bibliogràfiques
Autor principal: Salazar Gómez, María del Rocío
Altres autors: Castillo Valle, Harry, 1951- Director del TFG
Format: Llibre
Publicat: San José, Costa Rica 2007
Matèries:
Etiquetes: Afegir etiqueta
Sense etiquetes, Sigues el primer a etiquetar aquest registre!

MARC

LEADER 00000nam a2200000Ia 4500
003 010320
005 20240126105301.0
008 140114s2007 cr a 000 ||s d
040 |c cru CEDI  
090 |a TFG 5586 
100 |a Salazar Gómez, María del Rocío   |9 4501 
245 |a  Diseño de una planta de tratamiento de desechos para aguas residuales en un hotel 
260 |b San José, Costa Rica  |c 2007 
300 |a xvii, 301 páginas; ilustraciones a color 
500 |a Proyecto de graduación (licenciatura en ingeniería química)--Universidad de Costa Rica. Facultad de Ingeniería. Escuela de Ingeniería Química 
501 |a Director de Proyecto de Graduación: Dr. Harry Castillo Valle 
650 |x AGUAS RESIDUALES   |x  BIODEGRADACION DE AGUAS RESIDUALES   |x PURIFICACION DE AGUAS RESIDUALES   |9 4502 
700 |a Castillo Valle, Harry, 1951-  |d Director del TFG   |9 1846 
942 |c TFG  |h TFG 5586  |i 010320  |6 TFG_5586_010320000000000 
999 |c 16675  |d 16675